Central Library OPAC University of Rajshahi

A text-book of quantitative inorganic analysis, including elementary instrumental analysis / (Record no. 38000)

MARC details
000 -LEADER
fixed length control field 00949cam a2200289 4500
001 - CONTROL NUMBER
control field 38000
003 - CONTROL NUMBER IDENTIFIER
rucl marc code BD-RjUL
005 - DATE AND TIME OF LATEST TRANSACTION
control field 20211209052714.0
008 - FIXED-LENGTH DATA ELEMENTS--GENERAL INFORMATION
fixed length control field 150824r19661961nyua b 000 0 eng
035 ## - SYSTEM CONTROL NUMBER
System control number (BD-RjUL)38105
System control number (NNC)2647429
040 ## - CATALOGING SOURCE
Original cataloging agency DLC
Transcribing agency DLC
Modifying agency COU
-- ZCU
-- BD-RjUL
Language of cataloging eng
041 ## - LANGUAGE CODE
Language code of text/sound track or separate title eng
082 ## - DEWEY DECIMAL CLASSIFICATION NUMBER
Classification number 543.1
Edition number 23
Author mark and year VOT 1966
100 1# - MAIN ENTRY--PERSONAL NAME
Personal name Vogel, Arthur I.
Fuller form of name (Arthur Israel)
9 (RLIN) 117699
245 02 - TITLE STATEMENT
Title A text-book of quantitative inorganic analysis, including elementary instrumental analysis /
Statement of responsibility, etc. Arthur Israel Vogel.
250 ## - EDITION STATEMENT
Edition statement 3d ed.
260 ## - PUBLICATION, DISTRIBUTION, ETC. (IMPRINT)
Place of publication, distribution, etc. New York,
Name of publisher, distributor, etc. Wiley
Date of publication, distribution, etc. c1961,
-- [impressions 1964,1966].
300 ## - PHYSICAL DESCRIPTION
Pagination 1216 p.
Illustrations illus.
Size 24 cm.
504 ## - BIBLIOGRAPHY, ETC. NOTE
Bibliography, etc Includes bibliography.
650 #0 - SUBJECT ADDED ENTRY--TOPICAL TERM
Topical term or geographic name as entry element Chemistry, Analytic
General subdivision Quantitative.
9 (RLIN) 117700
Topical term or geographic name as entry element Chemistry, Inorganic.
9 (RLIN) 117207
Topical term or geographic name as entry element Chemistry Techniques, Analytical.
9 (RLIN) 117701
942 ## - ADDED ENTRY ELEMENTS (KOHA)
Source of classification or shelving scheme Dewey Decimal Classification
Koha item type Books
Holdings
Lost status Source of classification or shelving scheme Damaged status Not for loan Collection code Permanent Location Current Location Shelving location Date acquired Source of acquisition Cost, normal purchase price Total Checkouts Full call number Date last seen Copy number Koha item type
  Dewey Decimal Classification     Non-fiction Central Library, University of Rajshahi Central Library, University of Rajshahi   21/11/1968 Zeitlinger 80.00   543.1 VOT 1966 24/08/2015 C-2 Books
  Dewey Decimal Classification     Non-fiction Central Library, University of Rajshahi Central Library, University of Rajshahi   18/10/1963 Zeitlinger 70.00   543.1 VOT 1964 24/08/2015 C-3 Books
  Dewey Decimal Classification   Not For Loan Non-fiction Central Library, University of Rajshahi Central Library, University of Rajshahi Reading Room 18/10/1963 Zeitlinger 70.00   543.1 VOT 1962 24/08/2015 C-1 Books
  Dewey Decimal Classification     Non-fiction Central Library, University of Rajshahi Central Library, University of Rajshahi   21/11/1968 Zeitlinger 80.00   543.1 VOT 1966 24/02/2019 C-4 Books
  Dewey Decimal Classification     Non-fiction Central Library, University of Rajshahi Central Library, University of Rajshahi   21/11/1968 Zeitlinger 80.00   543.1 VOT 1966 22/12/2019 C-5 Books
  Dewey Decimal Classification     Non-fiction Central Library, University of Rajshahi Central Library, University of Rajshahi General Stacks 12/05/1961 Rahman, Ass. Director     543.1 VOT 1966 16/10/2022 C-6 Books